| 000 | 00767aam a2200289 4500 | ||
|---|---|---|---|
| 005 | 20251118164819.0 | ||
| 008 | 150704b2000 xxu||||| |||| 00| 0 spa d | ||
| 020 | _a9586353710 | ||
| 041 | _aESP | ||
| 082 | _a363.256.2 H659b | ||
| 100 |
_aHincapie Zuluaga, José Guillermo _927731 |
||
| 245 | _aBalística avanzada | ||
| 260 | _aColombia | ||
| 260 | _bLibrería del Profesional | ||
| 260 | _c2000 | ||
| 300 | _a293 páginas | ||
| 490 | _aInvestigación Criminal | ||
| 650 | _aBALÍSTICA | ||
| 650 | _aRECOLECCIÓN DE INDICIOS | ||
| 650 | _aPRUEBA | ||
| 650 | _aPRUEBA PERICIAL | ||
| 650 | _aFISICA EN BALÍSTICA | ||
| 650 | _aQUÍMICA EN BALÍSTICA | ||
| 650 | _aEXÁMENES FISICOS | ||
| 650 | _aEXÁMENES QUÍMICOS | ||
| 942 |
_cBK _2ddc |
||
| 999 |
_c1645 _d1645 |
||